| 000 | 00818cam a2200313 i 4500 | ||
|---|---|---|---|
| 001 | 0000824 | ||
| 003 | DO-SdBNP | ||
| 005 | 20180212114243.0 | ||
| 007 | 0000824 | ||
| 008 | 100514s 1993 sp a | |||| 000 f spa | ||
| 015 | _a | ||
| 017 |
_a _b |
||
| 020 | _a8434838745 | ||
| 035 | _a | ||
| 040 |
_aBPMSU _bspa _cBPMSU _e |
||
| 080 | _a | ||
| 100 | 1 | _aBottner, Barbara | |
| 240 | 1 | _aBootsie barker bites / | |
| 245 | 1 | 3 |
_aLa temible niñasaurio / _h _cBarbara Bottner, Peggy Rathmann ; traducción Isabel Cano |
| 260 |
_aMadrid : _bSm, _c1993. |
||
| 300 |
_a30 p.: _bil. _c19 cm. |
||
| 490 | 1 |
_aLos piratas _v13 |
|
| 700 | 1 | 2 | _aRathmamm, Peggy |
| 700 | 1 | 2 |
_aCano, Isabel _etrad. |
| 830 | 0 |
_aLos piratas _n13 |
|
| 942 |
_2ddc _cBK |
||
| 945 | _aInventariado, 2018/ YL | ||
| 956 |
_aYLOCKWARD _cBPMSU _b10 |
||
| 999 |
_c12135 _d12135 |
||